书目信息 |
| 题名: |
游遍欧洲
|
|
| 作者: | ;《游遍欧洲》编委会 编 | |
| 分册: | ||
| 出版信息: | 北京 蓝天出版社 2007 |
|
| 页数: | 380页 | |
| 开本: | 24cm | |
| 丛书名: | 知行天下地理系列 | |
| 单 册: | ||
| 中图分类: | K950.9 | |
| 科图分类: | ||
| 主题词: | 导游--欧洲 | |
| 电子资源: | ||
| ISBN: | 978-7-80158-637-7 | |
| 000 | 00929nam0 2200253 45 | |
| 001 | 070730000190 | |
| 005 | 20071016143500.81 | |
| 010 | @a978-7-80158-637-7@dCNY48.00 | |
| 100 | @a20070722d2007 ekmy0chiy0120 ea | |
| 101 | 0 | @achi |
| 102 | @aCN@b110000 | |
| 105 | @af z 000yy | |
| 200 | 1 | @a游遍欧洲@AYou Bian Ou Zhou@dTravel around Europe@f《游遍欧洲》编委会编@F《you bian ou zhou》bian wei hui bian@zeng |
| 210 | @a北京@c蓝天出版社@d2007 | |
| 215 | @a380页@c照片@d24cm | |
| 225 | 2 | @a知行天下地理系列 |
| 330 | @a本书精心选择了欧洲极具特色的20个国家,以国家为纲,城市为目,网罗欧洲上千处景点。用图文并茂的方式为您生动展现出欧洲城市的自然景观、社会经济与民族文化风情。 | |
| 410 | 0 | @12001 @a知行天下地理系列 |
| 510 | 1 | @aTravel around Europe@zeng |
| 606 | 0 | @a导游@y欧洲 |
| 690 | @aK950.9@v4 | |
| 711 | 02 | @a《游遍欧洲》编委会@A《you bian ou zhou》bian wei hui@4编 |
| 801 | 0 | @aCN@c20071016 |
| 905 | @dK950.9@eY686 | |
| 游遍欧洲=Travel around Europe/《游遍欧洲》编委会编.-北京:蓝天出版社,2007 |
| 380页:照片;24cm.-(知行天下地理系列) |
| ISBN 978-7-80158-637-7:CNY48.00 |
| 本书精心选择了欧洲极具特色的20个国家,以国家为纲,城市为目,网罗欧洲上千处景点。用图文并茂的方式为您生动展现出欧洲城市的自然景观、社会经济与民族文化风情。 |
| ● |
| 相关链接 |
|
|
|
正题名:游遍欧洲
索取号:K950.9/Y686
 
预约/预借
| 序号 | 登录号 | 条形码 | 馆藏地/架位号 | 状态 | 备注 |
| 1 | 650419 | 206504193 | 社科库309/309社科库 27排3列2层/ [索取号:K950.9/Y686] | 在馆 |